Irská princezna /

Milostný román odehrávající se v historických kulisách Anglie a Irska dvanáctého století.

Main Author: Chadwick, Elizabeth, 1957-
Other Authors: Tetřevová, Renáta, 1971-
Language: Czech
Published: Praha : Ikar, 2021
Edition: Vydání první
Physical Description: 478 stran ; 21 cm
Book
Saved in:
LEADER 02155nam a2200493 i 4500
001 nkc20213310300
003 CZ PrNK
005 20210726135110.0
007 ta
008 210615s2021 xr g 000 f cze
015 |a cnb003310300 
020 |a 978-80-249-4445-6  |q (vázáno) 
035 |a (OCoLC)1263284238 
040 |a ABG001  |b cze  |d ABA001  |e rda 
041 1 |a cze  |h eng 
072 7 |a 821.111-3  |x Anglická próza, anglicky psaná  |2 Konspekt  |9 25 
080 |a 821.111-31  |2 MRF 
080 |a (0:82-312.5)  |2 MRF 
080 |a (0:82-311.6)  |2 MRF 
100 1 |a Chadwick, Elizabeth,  |d 1957-  |7 xx0000055  |4 aut 
240 1 0 |a Irish princess.  |l Česky 
245 1 0 |a Irská princezna /  |c Elizabeth Chadwicková ; přeložila Renáta Tetřevová 
250 |a Vydání první 
264 1 |a Praha :  |b Ikar,  |c 2021 
300 |a 478 stran ;  |c 21 cm 
336 |a text  |b txt  |2 rdacontent 
337 |a bez média  |b n  |2 rdamedia 
338 |a svazek  |b nc  |2 rdacarrier 
500 |a Přeloženo z angličtiny 
520 2 |a Milostný román odehrávající se v historických kulisách Anglie a Irska dvanáctého století.  |b Poté, co je král z Leinsteru Diarmait sesazen, prchá z Irska do Anglie, kde hledá útočiště a pomoc od anglického krále Jindřicha. Kromě loajality a ochoty pro cokoli je odhodlaný v rámci nových aliancí provdat jedinou dceru Aoife za významného normanského šlechtice z velšského pomezí, charismatického Richarda de Clare, ambiciózního muže nespokojeného se svým osudem. Nakladatelská anotace. Kráceno. 
655 7 |a anglické romány  |7 fd131814  |2 czenas 
655 7 |a milostné romány  |7 fd132840  |2 czenas 
655 7 |a historické romány  |7 fd132414  |2 czenas 
655 9 |a English fiction  |2 eczenas 
655 9 |a love novels  |2 eczenas 
655 9 |a historical novels  |2 eczenas 
700 1 |a Tetřevová, Renáta,  |d 1971-  |7 jn20000401546  |4 trl 
910 2 |a BOA001  |b 2-1469.102 
920 |a 4600018  |z ABG001 
928 9 |a Euromedia Group - Ikar 
990 |a BK 
995 |a 01 
991 |b 202107  |c NOV 
996 6 |b 2610871155  |c 2-1469.102  |l MZK  |r Sklad / do 1 hodiny  |n 0  |p p.v.  |w 001856805  |u 000010  |a 1  |e BOA001  |j MZK50  |s P